Zmeny DPH vyplývajúce z tretieho konsolidačného balíka

Súčasťou zákona č. 261/2025 Z. z. z 24. septembra 2025, ktorým sa menia a dopĺňajú niektoré zákony v súvislosti s konsolidáciou stavu verejných financií, sú aj zmeny týkajúce sa dane z pridanej hodnoty. V čl. X uvedeného zákona sú uvedené zmeny a doplnenia zákona č. 222/2004 Z. z. o dani z pridanej...

Descrizione completa

Salvato in:
Dettagli Bibliografici
Autore principale: Betáková, Jaroslava
Natura: Capitolo di libro
Lingua:slovacco
Soggetti:
Tags: Aggiungi Tag
Nessun Tag, puoi essere il primo ad aggiungerne!!

MARC

LEADER 00000naa a2200000 4500
001 0313907
005 20260112083026.4
041 0 |a slo 
044 |a SK 
245 1 0 |a Zmeny DPH vyplývajúce z tretieho konsolidačného balíka  |c Jaroslava Betáková 
520 |a Súčasťou zákona č. 261/2025 Z. z. z 24. septembra 2025, ktorým sa menia a dopĺňajú niektoré zákony v súvislosti s konsolidáciou stavu verejných financií, sú aj zmeny týkajúce sa dane z pridanej hodnoty. V čl. X uvedeného zákona sú uvedené zmeny a doplnenia zákona č. 222/2004 Z. z. o dani z pridanej hodnoty v znení neskorších predpisov. Ustanovené je paušálne odpočítanie dane vo výške 50 % pri osobných motorových vozidlách nepoužívaných platiteľom dane výlučne na podnikanie a pri tovaroch a službách obstaraných v súvislosti s týmito vozidlami. 
610 2 0 |a konsolidácia 
610 2 0 |a rozpočet štátny 
610 2 0 |a dane 
610 2 0 |a dane z hodnoty pridanej 
610 2 0 |a zákony 
100 1 |a Betáková, Jaroslava